Normal view
MARC view
- عبد الجبار، شاكر
Entry Personal Name
001 - CONTROL NUMBER
- control field: 20811
003 - CONTROL NUMBER IDENTIFIER
- control field: JO-AjAnu
005 - DATE AND TIME OF LATEST TRANSACTION
- control field: 20230606073620.0
008 - FIXED-LENGTH DATA ELEMENTS
- fixed length control field: 230606|| aca||aabn | a|a d
040 ## - CATALOGING SOURCE
- Original cataloging agency: JO-AjAnu
- Transcribing agency: JO-AjAnu
100 ## - HEADING--PERSONAL NAME
- Personal name: عبد الجبار، شاكر
670 ## - SOURCE DATA FOUND
- Source citation: Work cat.: (JO-AjAnu)10690: عبد الجبار، شاكر, author, المنهج العلمي للإعتقاد